000 01866nab a2200289 a 4500
005 20250320141845.0
007 ta
008 250320e2002 dr mn|ped||||||0| 0 spa d
040 _aDO-SdBNP
_cBNPHU
_erda
041 _hspa
100 1 _aHernández, Ángela,
_d1954-
_92564
_eautora
222 _aVetas
245 _aÁngela Hernández :
_bde la poética de la química y la física y de otras poéticas y otras éticas de una escritora consagrada /
_cÁngela Hernández, Clodomiro Moquete.
264 _aSanto Domingo, República Dominicana :
_bClodomiro Moquete,
_c2002.
300 _apáginas 18-25 :
_bilustraciones, fotografías ;
_c29 cm.
310 _aMensual.
336 _atexto
_btxt
_2rdacontent
337 _asin mediación
_bn
_2rdamedia
338 _avolumen
_bnc
_2rdacarrier
362 _aAño.9: no. 61, (sept. 2002).
500 _aEs una entrevista a la escritora Ángela Hernández, realizada por Clodomiro Moquete.
520 _aÁngela Hernández. mi pasión por la literatura, por todo lo que es el ejercicio de la imaginación es de siempre. Creo que lo que fue circunstancial fue estudiar ingeniería Quimica. Tal vez porque mi idea de la literatura. desde que empancé a tener contacto con los libros y probablemente todavía se mantiene en cierta medida es que yo no asociaba la literatura con un trabajo, un oficio, una profesión. Para mí la literatura tenía que ver con algo como el espíritu, de la imaginación, de la libertad de la persona, de la búsqueda, porque incluso cuando uno tiene pocos años uno tiene un estado, un instinto de búsqueda, de interrogación...
650 0 _aEntrevistas (Periodismo)
_911043
_vPublicación periódica
_zRepública Dominicana
700 _aMoquete, Clodomiro
_933499
_eentrevista
773 0 _037028
_9284195
_o37538-9-61-1
_tVetas :
_w(DO-SdBNP)000037538
942 _2ddc
_cISSUE
999 _c58506
_d58506